000 00373nam a2200157Ia 4500
008 230711s9999||||xx |||||||||||||| ||und||
041 _aENG
082 _a720
_bRI-D
100 _aRichardson BA
245 0 _aDefects and deteroration in buildings
250 _a1ST
260 _c1991
_aLondon
_bE Taylor & Francis
300 _a190
650 _aArchitecture
942 _cBK
999 _c1618
_d1618